Normal view
MARC view
- Pletcher, Derek.
Entry Personal Name
001 - CONTROL NUMBER
- control field: 10698
003 - CONTROL NUMBER IDENTIFIER
- control field: NUST
005 - DATE AND TIME OF LATEST TRANSACTION
- control field: 20180601055848.0
008 - FIXED-LENGTH DATA ELEMENTS
- fixed length control field: 180601|| aca||aabn | a|a d
040 ## - CATALOGING SOURCE
- Original cataloging agency: NUST
- Transcribing agency: NUST
100 ## - HEADING--PERSONAL NAME
- Personal name: Pletcher, Derek.
670 ## - SOURCE DATA FOUND
- Source citation: Work cat.: (NUST)0: Pletcher, Derek., Industrial Electrochemistry , 1982.
